000 00387nam a22001217a 4500
003 SGT
082 _a200
_bS11S
100 _aशर्मा, आचार्य दिवाकर
245 _aषष्टिपूर्ति : अभिनन्दन ग्रन्थ
260 _bश्री तुलसीमंडल पंजी.
_c2011
300 _a931
942 _2ddc
_cBK
999 _c31751
_d31751